[Event "Kingston Invitational 3rd"]
[Site "Kingston upon Thames"]
[Date "2024.08.16"]
[Round "9.1"]
[White "Bezuidenhout, Roland"]
[Black "Badacsonyi, Stanley"]
[Result "1/2-1/2"]
[WhiteElo "2270"]
[BlackElo "2179"]
[PlyCount "80"]
[EventDate "2024.08.12"]
[EventType "swiss"]
[EventRounds "9"]
[EventCountry "ENG"]
[SourceTitle "BritBase"]
[Source "John Saunders"]
[SourceDate "2024.08.18"]
[SourceVersion "1"]
[SourceVersionDate "2024.08.18"]
[SourceQuality "1"]

1. c4 Nf6 2. g3 g6 3. Bg2 Bg7 4. Nc3 O-O 5. Nf3 d6 6. O-O c5 7. d3 Nc6 8. a3 Rb8 9. Rb1 a6 10. b4 cxb4 11. axb4 b5 12. cxb5 axb5 13. Re1 Ne8 14. Bd2 Nc7 15. Qc1 Bd7 16. Bh6 e5 17. Bxg7 Kxg7 18. d4 exd4 19. Ne4 Qe7 20. Nxd4 Nxd4 21. Qxc7 Nf5 22. Qc3+ Qe5 23. Qxe5+ dxe5 24. Nc5 Bc8 25. Red1 Nd4 26. Rb2 Re8 27. h3 Be6 28. e3 Nf5 29. Nxe6+ fxe6 30. Bf1 Rb6 31. Rc2 Kf6 32. Bg2 h5 33. Rc5 Reb8 34. Rd7 Rd6 35. Rcc7 Rxd7 36. Rxd7 Rc8 37. Bf1 Rc1 38. Kg2 Rb1 39. Bxb5 Rxb4 40. Bd3 Rb2 1/2-1/2

[Event "Kingston Invitational 3rd"]
[Site "Kingston upon Thames"]
[Date "2024.08.16"]
[Round "9.2"]
[White "Larkin, Vladyslav"]
[Black "Murphy, Conor E"]
[Result "1/2-1/2"]
[WhiteElo "2471"]
[BlackElo "2460"]
[PlyCount "44"]
[EventDate "2024.08.12"]
[EventType "swiss"]
[EventRounds "9"]
[EventCountry "ENG"]
[SourceTitle "BritBase"]
[Source "John Saunders"]
[SourceDate "2024.08.18"]
[SourceVersion "1"]
[SourceVersionDate "2024.08.18"]
[SourceQuality "1"]

1. c4 e6 2. Nf3 d5 3. g3 Nf6 4. Bg2 dxc4 5. O-O Nbd7 6. Qa4 a6 7. Qxc4 c5 8. Qc2 b5 9. d4 Bb7 10. Bg5 Rc8 11. Rd1 cxd4 12. Qd2 Bc5 13. Nxd4 Bxg2 14. Kxg2 Ne4 15. Bxd8 Nxd2 16. Rxd2 Rxd8 17. Nb3 Bb4 18. Rd4 Be7 19. a4 Bf6 20. Rd6 Bxb2 21. Ra2 bxa4 22. Rxa4 O-O 1/2-1/2

[Event "Kingston Invitational 3rd"]
[Site "Kingston upon Thames"]
[Date "2024.08.16"]
[Round "9.3"]
[White "Wall, Gavin"]
[Black "Czopor, Maciej"]
[Result "0-1"]
[WhiteElo "2258"]
[BlackElo "2364"]
[PlyCount "46"]
[EventDate "2024.08.12"]
[EventType "swiss"]
[EventRounds "9"]
[EventCountry "ENG"]
[SourceTitle "BritBase"]
[Source "John Saunders"]
[SourceDate "2024.08.18"]
[SourceVersion "1"]
[SourceVersionDate "2024.08.18"]
[SourceQuality "1"]

1. e4 c5 2. Nf3 Nc6 3. Bb5 e6 4. Bxc6 bxc6 5. d3 Qc7 6. e5 f6 7. Bf4 Ne7 8. Bg3 fxe5 9. Nxe5 d6 10. Nc4 Nf5 11. Nbd2 Be7 12. f4 O-O 13. Bf2 e5 14. fxe5 d5 15. Nd6 Nxd6 16. exd6 Bxd6 17. Qh5 Qe7+ 18. Qe2 Qxe2+ 19. Kxe2 Bg4+ 20. Kf1 Rae8 21. Nf3 Rxf3 22. gxf3 Bh3+ 23. Kg1 Re2 0-1

[Event "Kingston Invitational 3rd"]
[Site "Kingston upon Thames"]
[Date "2024.08.16"]
[Round "9.4"]
[White "Banerjee, Supratit"]
[Black "Large, Peter G"]
[Result "0-1"]
[WhiteElo "2156"]
[BlackElo "2336"]
[PlyCount "126"]
[EventDate "2024.08.12"]
[EventType "swiss"]
[EventRounds "9"]
[EventCountry "ENG"]
[SourceTitle "BritBase"]
[Source "John Saunders"]
[SourceDate "2024.08.18"]
[SourceVersion "1"]
[SourceVersionDate "2024.08.18"]
[SourceQuality "1"]

1. e4 e5 2. Nf3 Nc6 3. d4 exd4 4. Nxd4 Bb4+ 5. c3 Bc5 6. Be3 Bb6 7. Nf5 g6 8. Bxb6 axb6 9. Ne3 Nf6 10. f3 O-O 11. Bc4 Qe7 12. b4 Ne5 13. Bb3 d5 14. Bxd5 c6 15. Bc4 Nxe4 16. O-O Nxc4 17. Nxc4 Nxc3 18. Nxc3 Qxb4 19. Qb3 Qc5+ 20. Kh1 Be6 21. Ne4 Qxc4 22. Nf6+ Kh8 23. Qb2 Rxa2 24. Qe5 Ra5 25. Nd5+ f6 26. Qd6 Qc5 27. Qxe6 Qxd5 28. Qe7 Qf7 29. Qe3 Rxa1 30. Rxa1 b5 31. Qc5 Re8 32. h3 Kg7 33. Rd1 Qc7 34. Qc3 Re7 35. Qb4 Re5 36. Qg4 Re7 37. Qb4 Qe5 38. Qa5 Qe2 39. Qd8 b4 40. Rd7 Qe1+ 41. Kh2 Qe5+ 42. Kh1 Kf7 43. Rxe7+ Qxe7 44. Qd3 Qe6 45. Qd8 Qe7 46. Qd3 Kg7 47. f4 c5 48. Qc4 Qd6 49. Qe4 Qc7 50. Qc4 Qc6 51. Qe2 Kf8 52. Qc4 b5 53. Qd3 Kf7 54. Qb3+ c4 55. Qxb4 c3 56. Qb3+ Qc4 57. Qd1 c2 58. Qd7+ Kf8 59. Qd8+ Kg7 60. Qe7+ Kh6 61. Qf8+ Kh5 62. g4+ Kh4 63. Qh6+ Kg3 0-1

[Event "Kingston Invitational 3rd"]
[Site "Kingston upon Thames"]
[Date "2024.08.16"]
[Round "9.5"]
[White "Dignam, Matthew P"]
[Black "Liu, Jack"]
[Result "0-1"]
[WhiteElo "2118"]
[BlackElo "2081"]
[PlyCount "70"]
[EventDate "2024.08.12"]
[EventType "swiss"]
[EventRounds "9"]
[EventCountry "ENG"]
[SourceTitle "BritBase"]
[Source "John Saunders"]
[SourceDate "2024.08.18"]
[SourceVersion "1"]
[SourceVersionDate "2024.08.18"]
[SourceQuality "1"]

1. Nf3 Nf6 2. g3 g6 3. Bg2 Bg7 4. O-O O-O 5. d3 d5 6. Nbd2 c5 7. e4 Nc6 8. c3 e5 9. a4 dxe4 10. dxe4 Qc7 11. Qc2 Be6 12. Ng5 Bd7 13. Nc4 h6 14. Nf3 Be6 15. Ne3 a6 16. Nh4 Rad8 17. f4 exf4 18. gxf4 Bc8 19. e5 Nh7 20. Nd5 Qb8 21. f5 Qxe5 22. Bf4 Bxf5 23. Qf2 Qe6 24. Rae1 Qd7 25. Rd1 Kh8 26. Ne3 Bd3 27. Nf3 Qc8 28. Rfe1 g5 29. Bg3 f5 30. Rxd3 Rxd3 31. Qc2 Rxe3 32. Rxe3 f4 33. Bxf4 Rxf4 34. Qg6 Qf5 35. Re8+ Nf8 0-1

[Event "Kingston Invitational 3rd"]
[Site "Kingston upon Thames"]
[Date "2024.08.16"]
[Round "9.6"]
[White "Patel, Zain"]
[Black "Browning, Alex"]
[Result "1/2-1/2"]
[WhiteElo "2035"]
[BlackElo "2267"]
[PlyCount "173"]
[EventDate "2024.08.12"]
[EventType "swiss"]
[EventRounds "9"]
[EventCountry "ENG"]
[SourceTitle "BritBase"]
[Source "John Saunders"]
[SourceDate "2024.08.18"]
[SourceVersion "1"]
[SourceVersionDate "2024.08.18"]
[SourceQuality "1"]

1. Nf3 Nf6 2. d4 g6 3. c4 Bg7 4. Nc3 O-O 5. e4 d6 6. Be2 c6 7. O-O e5 8. Re1 Na6 9. Bf1 exd4 10. Nxd4 Nc5 11. Rb1 a5 12. b3 Re8 13. f3 Qb6 14. Be3 Qd8 15. a3 Nh5 16. b4 axb4 17. axb4 Ne6 18. b5 Bd7 19. Nxe6 Bxe6 20. Bd4 Ra3 21. Bxg7 Nxg7 22. Rb3 Rxb3 23. Qxb3 Qb6+ 24. Kh1 Ra8 25. Qb2 Qc5 26. bxc6 bxc6 27. e5 d5 28. cxd5 cxd5 29. Rd1 Nf5 30. Rc1 Qe3 31. Ne2 d4 32. Rd1 Qxe5 33. Nxd4 Rd8 34. f4 Rxd4 35. fxe5 Rxd1 36. Qe2 Ra1 37. Qd3 Kg7 38. Kg1 h5 39. h4 Ra4 40. Qd8 Rd4 41. Qf6+ Kh7 42. Be2 Nxh4 43. g4 Re4 44. gxh5 Rxe2 45. Qxh4 Rxe5 46. hxg6+ Kxg6 47. Kf2 Rf5+ 48. Ke3 Re5+ 49. Kf4 Rf5+ 50. Ke4 Rh5 51. Qg3+ Kh7 52. Qd6 Rd5 53. Qh2+ Kg7 54. Qg3+ Kf8 55. Qb8+ Ke7 56. Qc7+ Rd7 57. Qc5+ Ke8 58. Qc8+ Rd8 59. Qc6+ Bd7 60. Qf6 Rc8 61. Qh8+ Ke7 62. Qe5+ Be6 63. Qg5+ Kd7 64. Qb5+ Kd6 65. Qe5+ Kc6 66. Qc3+ Kb5 67. Qb2+ Ka4 68. Qa1+ Kb3 69. Qb1+ Ka3 70. Qd3+ Kb2 71. Qd2+ Kb3 72. Qd1+ Rc2 73. Qb1+ Kc3 74. Qa1+ Rb2 75. Qc1+ Kb3 76. Kd4 Ka2 77. Qc7 Rb4+ 78. Kc3 Rb3+ 79. Kd4 Kb1 80. Qh2 Rb4+ 81. Ke5 Rg4 82. Kf6 Kc1 83. Qh1+ Kd2 84. Qh2+ Ke3 85. Qh3+ Kd4 86. Qxg4+ Bxg4 87. Kxf7 1/2-1/2

[Event "Kingston Invitational 3rd"]
[Site "Kingston upon Thames"]
[Date "2024.08.16"]
[Round "9.7"]
[White "Venkataramanan, TS."]
[Black "Eames, Robert S"]
[Result "1-0"]
[WhiteElo "2225"]
[BlackElo "2145"]
[PlyCount "95"]
[EventDate "2024.08.12"]
[EventType "swiss"]
[EventRounds "9"]
[EventCountry "ENG"]
[SourceTitle "BritBase"]
[Source "John Saunders"]
[SourceDate "2024.08.18"]
[SourceVersion "1"]
[SourceVersionDate "2024.08.18"]
[SourceQuality "1"]

1. e4 c5 2. c3 Nf6 3. e5 Nd5 4. d4 cxd4 5. Nf3 Nc6 6. Bc4 Nb6 7. Bb3 d5 8. exd6 Qxd6 9. O-O Be6 10. Na3 Bxb3 11. axb3 a6 12. Re1 e6 13. cxd4 Be7 14. Nc4 Nxc4 15. bxc4 O-O 16. Be3 Rfd8 17. Qe2 Bf6 18. Rad1 Qb4 19. Rd2 Rac8 20. d5 exd5 21. cxd5 Ne7 22. Red1 Nf5 23. Bg5 Bxg5 24. Nxg5 Rd6 25. Ne4 Rg6 26. d6 Re6 27. d7 Rd8 28. f3 Ne7 29. Qd3 Nc6 30. Kf1 Ne5 31. Qe2 Qe7 32. Rc2 Nxd7 33. Qd3 Rc6 34. Re2 Qh4 35. g3 Qh3+ 36. Kg1 h6 37. Nf2 Qh5 38. Re7 Rc7 39. Qd6 Qg5 40. h4 Qf6 41. Qxc7 Qxe7 42. Qxb7 Kf8 43. Qc7 f5 44. Kf1 g5 45. h5 a5 46. g4 fxg4 47. Nxg4 a4 48. Re1 1-0

[Event "Kingston Invitational 3rd"]
[Site "Kingston upon Thames"]
[Date "2024.08.16"]
[Round "9.8"]
[White "Buckley, Graeme N"]
[Black "Dicen, Elis Denele"]
[Result "1-0"]
[WhiteElo "2293"]
[BlackElo "2060"]
[PlyCount "109"]
[EventDate "2024.08.12"]
[EventType "swiss"]
[EventRounds "9"]
[EventCountry "ENG"]
[SourceTitle "BritBase"]
[Source "John Saunders"]
[SourceDate "2024.08.18"]
[SourceVersion "1"]
[SourceVersionDate "2024.08.18"]
[SourceQuality "1"]

1. e4 c5 2. Nf3 d6 3. Bb5+ Bd7 4. Bxd7+ Qxd7 5. c4 e5 6. d3 Nc6 7. Nc3 Be7 8. a3 f5 9. exf5 Nf6 10. Bg5 Qxf5 11. O-O O-O 12. Bxf6 Bxf6 13. Rb1 Rad8 14. Nd5 Kh8 15. Qe2 Rd7 16. Rfe1 Nd8 17. Qe4 Qh5 18. h3 Ne6 19. b4 b6 20. Re2 Bd8 21. Rbe1 Rdf7 22. Qg4 Qh6 23. Re4 g5 24. R1e3 Nf4 25. h4 Rg7 26. h5 Nxh5 27. Nxe5 Nf6 28. Nxf6 dxe5 29. Nd5 Rgf7 30. Re2 Qg6 31. Qg3 h5 32. Rxe5 cxb4 33. axb4 h4 34. Qe3 Kh7 35. Re6 Qh5 36. Qe4+ Kg7 37. Qe5+ Kg8 38. Qe3 Qh7 39. b5 Qg7 40. Re8 g4 41. Rxf8+ Rxf8 42. Qe6+ Rf7 43. Re5 g3 44. f4 Qf8 45. Qg6+ Rg7 46. Qe4 Qd6 47. Re6 Qd7 48. Qe5 h3 49. f5 h2+ 50. Kh1 Kh7 51. f6 Rf7 52. Qe4+ Kg8 53. Re8+ Rf8 54. Qg6+ Kh8 55. Rxf8# 1-0

[Event "Kingston Invitational 3rd"]
[Site "Kingston upon Thames"]
[Date "2024.08.16"]
[Round "9.10"]
[White "Villiers, Thomas"]
[Black "Andal, Edmond"]
[Result "0-1"]
[WhiteElo "2195"]
[BlackElo "1960"]
[PlyCount "54"]
[EventDate "2024.08.12"]
[EventType "swiss"]
[EventRounds "9"]
[EventCountry "ENG"]
[SourceTitle "BritBase"]
[Source "John Saunders"]
[SourceDate "2024.08.18"]
[SourceVersion "1"]
[SourceVersionDate "2024.08.18"]
[SourceQuality "1"]

1. e4 c5 2. Nf3 e6 3. d4 cxd4 4. Nxd4 a6 5. c4 Nf6 6. Bd3 Nc6 7. Nxc6 dxc6 8. O-O e5 9. Nc3 Bc5 10. Bg5 h6 11. Bh4 g5 12. Bg3 Qe7 13. Qa4 h5 14. Nd5 Qd6 15. h4 Bd7 16. b4 Bd4 17. Ne3 Ng4 18. c5 Qf6 19. Nc2 Bxa1 20. hxg5 Qxg5 21. Nxa1 h4 22. f4 Qg7 23. Bh2 Nxh2 24. Qxc6 Bxc6 25. Rf3 Nxf3+ 26. Kh1 h3 27. Bb5 Qxg2# 0-1

[Event "Kingston Invitational 3rd"]
[Site "Kingston upon Thames"]
[Date "2024.08.16"]
[Round "9.11"]
[White "Frostick, Clive A"]
[Black "Verma, Shlok"]
[Result "0-1"]
[WhiteElo "2161"]
[BlackElo "2060"]
[PlyCount "94"]
[EventDate "2024.08.12"]
[EventType "swiss"]
[EventRounds "9"]
[EventCountry "ENG"]
[SourceTitle "BritBase"]
[Source "John Saunders"]
[SourceDate "2024.08.18"]
[SourceVersion "1"]
[SourceVersionDate "2024.08.18"]
[SourceQuality "1"]

1. e4 e6 2. d4 d5 3. Nd2 c5 4. c3 Nc6 5. Ngf3 Nf6 6. Bd3 cxd4 7. cxd4 dxe4 8. Nxe4 Be7 9. a3 O-O 10. Nc3 a6 11. Be3 Qc7 12. Rc1 Rd8 13. O-O Bd7 14. Re1 Rac8 15. Bb1 Qa5 16. Qd3 Qh5 17. Ne2 Na5 18. b4 Bb5 19. Qd1 Rxc1 20. Qxc1 Bxe2 21. Rxe2 Nc6 22. h3 Qd5 23. Ba2 Qd6 24. Bf4 Qd7 25. Rd2 Qe8 26. Qd1 Nd5 27. Be3 Nc3 28. Qc2 Nxa2 29. Qxa2 Rd5 30. Qc4 Qd7 31. Rc2 Bf6 32. a4 h6 33. b5 axb5 34. axb5 Ne7 35. b6 Nc6 36. g4 Qd8 37. Rb2 Nxd4 38. Bxd4 Bxd4 39. Rd2 Bxb6 40. Rb2 Qf6 41. Rb3 Rd2 42. Qc8+ Kh7 43. Qxb7 Rxf2 44. Qxb6 Rxf3 45. Rxf3 Qxf3 46. Qb1+ g6 47. Kh2 e5 0-1

[Event "Kingston Invitational 3rd"]
[Site "Kingston upon Thames"]
[Date "2024.08.16"]
[Round "9.12"]
[White "Walker, Samuel A"]
[Black "Hill, Alistair"]
[Result "0-1"]
[WhiteElo "2032"]
[BlackElo "2089"]
[PlyCount "134"]
[EventDate "2024.08.12"]
[EventType "swiss"]
[EventRounds "9"]
[EventCountry "ENG"]
[SourceTitle "BritBase"]
[Source "John Saunders"]
[SourceDate "2024.08.18"]
[SourceVersion "1"]
[SourceVersionDate "2024.08.18"]
[SourceQuality "1"]

1. d4 e6 2. c4 Nf6 3. Nf3 c5 4. g3 cxd4 5. Nxd4 d5 6. Bg2 e5 7. Nc2 d4 8. O-O Nc6 9. b4 Be6 10. f4 e4 11. Bb2 Bxc4 12. Nba3 Bxe2 13. Qxe2 d3 14. Qe1 dxc2 15. Bxf6 Qxf6 16. Qxe4+ Be7 17. Nxc2 O-O 18. Kh1 Rad8 19. Rae1 Bd6 20. b5 Na5 21. Ne3 Bc5 22. Nd5 Qb2 23. a4 Qd4 24. Qxd4 Bxd4 25. Rd1 Bc5 26. f5 h6 27. f6 g6 28. Rd3 Kh7 29. Rfd1 Rd6 30. g4 Re8 31. h4 Bf2 32. h5 gxh5 33. gxh5 Re5 34. Bf3 Bh4 35. Rd4 Bxf6 36. Rf4 Kg7 37. Rf1 Bg5 38. Rd4 Nb3 39. Rd3 Nd2 40. Rf2 Nxf3 41. Rdxf3 f6 42. Nc7 Rd1+ 43. Kg2 Rc1 44. b6 axb6 45. Nb5 Be3 46. Rg3+ Rg5 47. Rxg5+ hxg5 48. Re2 Bc5 49. Re6 Rc4 50. Nd6 Bxd6 51. Rxd6 Rxa4 52. h6+ Kg6 53. Rxb6 Rh4 54. Rxb7 Rxh6 55. Rb4 Rh8 56. Ra4 Rb8 57. Rc4 Rb3 58. Ra4 f5 59. Ra2 g4 60. Ra5 Kg5 61. Ra8 Rb2+ 62. Kg1 f4 63. Ra3 f3 64. Ra4 Kh4 65. Rc4 Kg3 66. Rc1 Rg2+ 67. Kf1 Rh2 0-1

[Event "Kingston Invitational 3rd"]
[Site "Kingston upon Thames"]
[Date "2024.08.16"]
[Round "9.13"]
[White "Taylor, William J"]
[Black "Gurner, Jem"]
[Result "1/2-1/2"]
[WhiteElo "1967"]
[BlackElo "2070"]
[PlyCount "44"]
[EventDate "2024.08.12"]
[EventType "swiss"]
[EventRounds "9"]
[EventCountry "ENG"]
[SourceTitle "BritBase"]
[Source "John Saunders"]
[SourceDate "2024.08.18"]
[SourceVersion "1"]
[SourceVersionDate "2024.08.18"]
[SourceQuality "1"]

1. e4 c5 2. Nf3 d6 3. Bb5+ Bd7 4. Bxd7+ Qxd7 5. c4 Nc6 6. Nc3 g6 7. d4 cxd4 8. Nxd4 Bg7 9. Be3 Nf6 10. f3 O-O 11. O-O a6 12. Qd3 Rfc8 13. b3 Rab8 14. Nxc6 Qxc6 15. Rac1 e6 16. Rfd1 Rd8 17. a4 b6 18. Rc2 Bf8 19. Bg5 Qc5+ 20. Be3 Qc6 21. Bg5 Qc5+ 22. Be3 Qc6 1/2-1/2

[Event "Kingston Invitational 3rd"]
[Site "Kingston upon Thames"]
[Date "2024.08.16"]
[Round "9.14"]
[White "Rushbrooke, Remy"]
[Black "Zhao, George"]
[Result "1/2-1/2"]
[WhiteElo "2056"]
[BlackElo "2014"]
[PlyCount "71"]
[EventDate "2024.08.12"]
[EventType "swiss"]
[EventRounds "9"]
[EventCountry "ENG"]
[SourceTitle "BritBase"]
[Source "John Saunders"]
[SourceDate "2024.08.18"]
[SourceVersion "1"]
[SourceVersionDate "2024.08.18"]
[SourceQuality "1"]

1. Nf3 e6 2. g3 Nf6 3. Bg2 d5 4. O-O c5 5. d4 Nc6 6. c4 dxc4 7. dxc5 Qxd1 8. Rxd1 Bxc5 9. Nbd2 c3 10. bxc3 Bd7 11. Ne1 Be7 12. Nd3 Rc8 13. Nb3 b6 14. Bb2 O-O 15. a4 Rfd8 16. a5 Rb8 17. axb6 Rxb6 18. Na5 Nxa5 19. Rxa5 a6 20. c4 Bc6 21. Be5 Bxg2 22. Bc7 Rxd3 23. exd3 Rc6 24. Rb1 Rxc7 25. Rb8+ Bf8 26. Kxg2 g6 27. Rxa6 Kg7 28. Raa8 Bc5 29. Rc8 Rxc8 30. Rxc8 Bd4 31. Rd8 Bb6 32. Rb8 Bd4 33. Rd8 Bb6 34. Rc8 Bd4 35. Kf3 h5 36. Ke2 1/2-1/2

[Event "Kingston Invitational 3rd"]
[Site "Kingston upon Thames"]
[Date "2024.08.16"]
[Round "9.15"]
[White "Payne, Matthew J"]
[Black "Lalic, Peter D"]
[Result "1-0"]
[WhiteElo "2080"]
[BlackElo "2181"]
[PlyCount "121"]
[EventDate "2024.08.12"]
[EventType "swiss"]
[EventRounds "9"]
[EventCountry "ENG"]
[SourceTitle "BritBase"]
[Source "John Saunders"]
[SourceDate "2024.08.18"]
[SourceVersion "1"]
[SourceVersionDate "2024.08.18"]
[SourceQuality "1"]

1. e4 e5 2. Nf3 d5 3. Nxe5 Nf6 4. d4 Nxe4 5. Nc3 Bb4 6. Qf3 O-O 7. a3 f6 8. Nd3 Re8 9. Nxb4 Ng5+ 10. Qe3 c5 11. dxc5 d4 12. Bc4+ Be6 13. Bxe6+ Rxe6 14. Qxe6+ Nxe6 15. Ne2 Nxc5 16. O-O a5 17. Nd3 Nxd3 18. cxd3 Nc6 19. b3 Qb6 20. Rb1 Re8 21. Nf4 Kf7 22. h4 Re5 23. b4 a4 24. Bd2 Na7 25. Rfc1 Nb5 26. Rc8 Re8 27. Rxe8 Kxe8 28. Re1+ Kf7 29. Re7+ Kf8 30. Re6 Qd8 31. Re4 Kf7 32. Ne6 Qd5 33. Nc5 h5 34. Kh2 Nxa3 35. Nxa4 Qc6 36. Nc5 b6 37. Ne6 Qc2 38. Bf4 Nb5 39. Nd8+ Kg6 40. Re7 Qxd3 41. Ne6 Qe4 42. Nf8+ Kf5 43. Rxe4 Kxe4 44. Kg3 Nc3 45. f3+ Kd5 46. Kf2 b5 47. Bd2 Kc4 48. Ne6 Kd3 49. Bf4 Na2 50. Bd6 Kc4 51. Bc5 Nxb4 52. Bxb4 Kxb4 53. Nxd4 Kc4 54. Ke3 b4 55. Ke4 g5 56. Nc6 gxh4 57. Nxb4 Kxb4 58. Kf5 Kc5 59. Kxf6 Kd4 60. Kg5 Ke5 61. Kxh4 1-0

[Event "Kingston Invitational 3rd"]
[Site "Kingston upon Thames"]
[Date "2024.08.16"]
[Round "9.16"]
[White "Hasson, Peter"]
[Black "Clarke, Connor"]
[Result "1-0"]
[WhiteElo "1984"]
[BlackElo "2048"]
[PlyCount "125"]
[EventDate "2024.08.12"]
[EventType "swiss"]
[EventRounds "9"]
[EventCountry "ENG"]
[SourceTitle "BritBase"]
[Source "John Saunders"]
[SourceDate "2024.08.18"]
[SourceVersion "1"]
[SourceVersionDate "2024.08.18"]
[SourceQuality "1"]

1. c4 f5 2. g3 Nf6 3. Bg2 g6 4. Nc3 Bg7 5. Nf3 O-O 6. O-O d6 7. d3 e5 8. Rb1 a5 9. a3 Na6 10. b4 axb4 11. axb4 c6 12. Qc2 Nc7 13. b5 Ne6 14. e3 g5 15. bxc6 bxc6 16. Ne2 Bd7 17. Bd2 h5 18. h4 e4 19. Nxg5 Nxg5 20. hxg5 exd3 21. Qxd3 Ne4 22. Bxe4 fxe4 23. Qxe4 Bf5 24. Qxc6 Bxb1 25. Qd5+ Kh8 26. Rxb1 Qd7 27. Nf4 Qf5 28. Qxf5 Rxf5 29. Nxh5 Ra2 30. Nxg7 Kxg7 31. e4 Rc5 32. Be3 Rxc4 33. Rb6 Ra1+ 34. Kg2 Rd1 35. Kf3 Rc2 36. Ra6 Rb2 37. Ra5 Rc2 38. Kg4 Rc8 39. Ra7+ Kg8 40. Kf5 Re8 41. Rd7 Kh8 42. Rb7 Rf8+ 43. Kg6 Rg8+ 44. Kf5 Rf8+ 45. Ke6 Re8+ 46. Re7 Rxe7+ 47. Kxe7 d5 48. exd5 Rxd5 49. Ke6 Rd8 50. Bf4 Rf8 51. Be5+ Kh7 52. Bf6 Re8+ 53. Be7 Ra8 54. Kf7 Rg8 55. f4 Rg7+ 56. Ke6 Rg6+ 57. Bf6 Rg8 58. f5 Rf8 59. g6+ Kg8 60. Be7 Ra8 61. f6 Kh8 62. f7 Rf8 63. Bf6# 1-0

[Event "Kingston Invitational 3rd"]
[Site "Kingston upon Thames"]
[Date "2024.08.16"]
[Round "9.17"]
[White "Pal, Rohan"]
[Black "Wilson, Ewan"]
[Result "0-1"]
[WhiteElo "2046"]
[BlackElo "1983"]
[PlyCount "84"]
[EventDate "2024.08.12"]
[EventType "swiss"]
[EventRounds "9"]
[EventCountry "ENG"]
[SourceTitle "BritBase"]
[Source "John Saunders"]
[SourceDate "2024.08.18"]
[SourceVersion "1"]
[SourceVersionDate "2024.08.18"]
[SourceQuality "1"]

1. e4 c5 2. Nf3 e6 3. d3 Nc6 4. g3 Nf6 5. Bg2 d5 6. Qe2 d4 7. O-O e5 8. h3 Be7 9. Nh2 h5 10. f4 h4 11. g4 Nd7 12. f5 g5 13. Qf2 f6 14. c4 Nb6 15. Na3 Rh6 16. Nc2 Bd7 17. a3 Nc8 18. Bd2 a6 19. b4 b5 20. cxb5 axb5 21. bxc5 Bxc5 22. Nb4 Bxb4 23. axb4 Nb6 24. Qe1 Ke7 25. Qc1 Na4 26. Bf3 Rh8 27. Bd1 Nc3 28. Rxa8 Qxa8 29. Bxc3 dxc3 30. Qxc3 Qa7+ 31. Kg2 Rc8 32. Nf3 Qe3 33. Qc5+ Qxc5 34. bxc5 Nb4 35. d4 exd4 36. e5 Rxc5 37. exf6+ Kxf6 38. Nxd4 Nd5 39. Bb3 Ne3+ 40. Kg1 Nxf1 41. Kxf1 Rc3 42. Kg2 Rd3 0-1

[Event "Kingston Invitational 3rd"]
[Site "Kingston upon Thames"]
[Date "2024.08.16"]
[Round "9.18"]
[White "Fellowes, Billy"]
[Black "Young, Daniel J"]
[Result "1/2-1/2"]
[WhiteElo "2006"]
[BlackElo "1926"]
[PlyCount "108"]
[EventDate "2024.08.12"]
[EventType "swiss"]
[EventRounds "9"]
[EventCountry "ENG"]
[SourceTitle "BritBase"]
[Source "John Saunders"]
[SourceDate "2024.08.18"]
[SourceVersion "1"]
[SourceVersionDate "2024.08.18"]
[SourceQuality "1"]

1. e4 c5 2. Nf3 d6 3. d4 cxd4 4. Qxd4 Nc6 5. Bb5 Bd7 6. Bxc6 Bxc6 7. Nc3 Nf6 8. Bg5 e6 9. O-O-O Be7 10. Kb1 O-O 11. Qd3 Rc8 12. Nd4 Bd7 13. f4 a6 14. Nf3 Bc6 15. Nd4 Bd7 16. h4 b5 17. f5 b4 18. Nce2 d5 19. Ng3 dxe4 20. Nxe4 e5 21. Nb3 Bb5 22. Qe3 Qc7 23. Rc1 Nd5 24. Qf3 f6 25. Bd2 Rfd8 26. g4 a5 27. g5 a4 28. Na1 Qb6 29. Rhg1 a3 30. bxa3 Nc3+ 31. Bxc3 bxc3 32. Nb3 Qa6 33. Nxc3 Bc6 34. Qe3 Qxa3 35. Rcd1 Qb4 36. Rxd8+ Rxd8 37. Rd1 Rxd1+ 38. Nxd1 Qxh4 39. gxf6 Qxf6 40. Qd3 h6 41. Ne3 h5 42. a4 h4 43. Nd5 Bxd5 44. Qxd5+ Kh7 45. Qf3 Qg5 46. a5 Bf6 47. a6 e4 48. Qxe4 h3 49. Qe2 Qg1+ 50. Ka2 h2 51. Qh5+ Kg8 52. Qe8+ Kh7 53. Qh5+ Kg8 54. Qe8+ Kh7 1/2-1/2

[Event "Kingston Invitational 3rd"]
[Site "Kingston upon Thames"]
[Date "2024.08.16"]
[Round "9.19"]
[White "Pirgon, Joshua"]
[Black "Skettos, Nicolas"]
[Result "1/2-1/2"]
[WhiteElo "1982"]
[BlackElo "1985"]
[PlyCount "95"]
[EventDate "2024.08.12"]
[EventType "swiss"]
[EventRounds "9"]
[EventCountry "ENG"]
[SourceTitle "BritBase"]
[Source "John Saunders"]
[SourceDate "2024.08.18"]
[SourceVersion "1"]
[SourceVersionDate "2024.08.18"]
[SourceQuality "1"]

1. d4 Nf6 2. c4 e6 3. g3 c5 4. d5 exd5 5. cxd5 b5 6. Bg2 d6 7. e4 Bb7 8. Ne2 g6 9. O-O Bg7 10. a4 b4 11. Nd2 O-O 12. Nc4 Re8 13. f3 Ba6 14. Qc2 Qc7 15. Bf4 Bxc4 16. Qxc4 Nh5 17. Bc1 Nd7 18. g4 Nhf6 19. g5 Nb6 20. Qc2 Nfd7 21. a5 Nc8 22. f4 Rb8 23. Qc4 b3 24. Ra4 Qb7 25. Bh3 a6 26. Rf3 f6 27. Be6+ Kh8 28. h4 fxg5 29. hxg5 Nf8 30. Bg4 Ne7 31. Nc3 Nc8 32. Be3 Na7 33. e5 Nb5 34. Ne4 dxe5 35. Nxc5 Nd6 36. Nxb7 Nxc4 37. Rxc4 Rxb7 38. fxe5 Bxe5 39. Bd4 Bxd4+ 40. Rxd4 Kg7 41. Kf2 Re5 42. d6 Rxg5 43. Bc8 Ra7 44. d7 Nxd7 45. Rxd7+ Rxd7 46. Bxd7 Rxa5 47. Rxb3 Kf6 48. Kf3 1/2-1/2